000 02427nam0a2200457 4500
001 RU\NLR\bibl\1491928
005 20260405200441.0
010 _a978-5-87237-676-7
_9150
021 _aRU
_b2010-7174
_9466
035 _a(nilc)RSL-KNO-004578523
035 _a(NLR Aleph) 001483474
090 _a1718246
_c1718246
100 _a20100205d2009 |||y0rusy50 ca
101 0 _arus
102 _aRU
105 _ac |||||||||
200 1 _aСлово и текст: история, культура, этнос
_eсборник научных трудов памяти Лидии Яковлевны Петровой
_fФедеральное агентство по образованию, ГОУ ВПО "Сыктывкарский гос. ун-т"
_g[редкол.: А. Н. Власов и др.]
210 _aСыктывкар
_cСыктывкарский государственный университет
_d2009
215 _a249 с.
_cпортр.
_d20
320 _aБиблиогр. в подстроч. примеч.
320 _aСписок трудов Л. Я. Петровой: с. 245-246
600 1 _aПетрова
_bЛ.Я.
_f1949 - 2007
_gЛидия Яковлевна
_92612680
_3RU\NLR\auth\661549238
606 1 _aРусский язык
_jСборники
_xИстория
_91511577
_3RU\NLR\auth\66656247
606 1 _aРусский язык
_jСборники
_xДиалектология
_91535151
_3RU\NLR\auth\66970140
606 1 _aЭтнолингвистика
_jСборники
_91627375
_3RU\NLR\auth\661016864
686 _aШ.я434Петрова Л.Я.
_2rubbk
686 _aШ1г(2)7д.Петрова Л.Я.я434
_2rubbk
686 _aШ141.12-0я434
686 _aШ141.12-5я434
686 _aШ100.33я434
686 _aШ1г(2)7дПетрова
702 1 _4340
_8rus
_7ca
_aВласов
_bА. Н.
_cд-р филол. наук, фольклорист
_f1955-
_gАндрей Николаевич
_3RU\NLR\auth\7731703
_914713
702 1 _4570
_8rus
_7ca
_aПетрова
_bЛ. Я.
_cканд. филол. наук
_f1949-2007
_gЛидия Яковлевна
_3RU\NLR\auth\7788072
_971000
712 0 2 _4570
_aСыктывкарский государственный университет
_9434212
_3RU\NLR\AUTH\889968910
801 0 _aRU
_bРГБ
_c20100205
_grcr
801 1 _aRU
_bРГБ
_c20100205
801 2 _aRU
_bNLR
_c20100331
_grcr
942 _cBOOK
980 _aNB
980 _aNBR